TNA Wrestling Champions by Year - 2012 - Statistics

General Stats
  • This quiz has been taken 69 times
  • The average score is 19 of 23
Answer Stats
Date Event Wrestler % Correct
October 14 Bound for Glory Jeff Hardy
100%
July 8 Destination X Austin Aries
97%
June 10 Slammiversary AJ Styles
93%
June 10 Slammiversary Kurt Angle
90%
May 13 Sacrifice Christopher Daniels
87%
June 28 Impact Wrestling Christopher Daniels
87%
March 8 Impact Wrestling Eric Young
87%
May 13 Sacrifice Kazarian
87%
June 28 Impact Wrestling Kazarian
87%
March 8 Impact Wrestling ODB
83%
October 14 Bound for Glory Rob Van Dam
83%
March 18 Victory Road Devon
80%
December 6 Impact Wrestling Devon
80%
February 12 Against All Odds Samoa Joe
80%
September 27 Impact Wrestling Samoa Joe
80%
October 14 Bound for Glory Chavo Guerrero
77%
October 14 Bound for Glory Tara
77%
August 12 Hardcore Justice Madison Rayne
73%
February 12 Against All Odds Magnus
73%
July 8 Destination X Zema Ion
73%
October 14 Bound for Glory Hernandez
70%
June 10 Slammiversary Brooke Tessmacher
67%
August 16 Impact Wrestling Brooke Tessmacher
67%
No matching quizzes found
Score Distribution
Percent of People with Each Score
Percentile by Number Answered
Your Score History
You have not taken this quiz